000 02586nam0a22004931 4500
001 v19\rc\2110091
005 20260406163651.0
035 _a(NLR Aleph) 005181534
090 _a5135993
_c5135993
100 _a20090914d1816 |||y0rusy50 ca
101 1 _arus
_ceng
102 _aRU
135 _acrcn 024anaba
140 _ay y layaa0000
200 1 _aВоин царя земнаго во всеоружии царя небеснаго.
_e[Пер. с англ.]
210 _aСанктпетербург
_cв типографии Ф. Дрехслера
_d1816
215 _a72 с.
_d
300 _aЦенз.: Иннокентий (Смирнов), 28 авг. 1816 г.
300 _aВ пер. брошюры принимала участие С.С.Мещерская.
316 _aЭкз. РНБ (18.127.3.217) в обл. из белой бумаги. На 1-й с. обл. ярлык с шифром РНБ. На 2-й с. обл. пустой ярлык. На тит. л., с.33 и72 круглый штамп ГПБ. Размер: 19,0х12,1х0,6 см.
_5NLR: 18.127.3.217
321 1 _aСК 1801-1825 1231
325 _aКопия доступна в Электрон. б-ке РНБ
518 1 _aВоин царя земного во всеоружии царя небесного
620 _dСанкт-Петербург
702 1 _aМещерская
_bС.С.
_f1775-1848
_gСофия Сергеевна
_4730
702 1 _aДрехслер
_bФ.
_gФедор
_4610
702 0 _4190
_8rus
_7ca
_aИннокентий
_cСмирнов, Илларион Дмитриевич
_cепископ
_f1784-1819
_3RU\NLR\AUTH\7710299
_9120078
712 0 0 _4610
_aДрехслер,
_cПетербург
_gФ.,
_hтипография
_9711214
_3RU\NLR\AUTH\880524866
801 0 _aRU
_bNLR
_gpsbo
801 1 _aRU
_bProSoft-M
_2rusmarc
801 2 _aRU
_bNLR
_c20150506
_2rusmarc
852 _aNLR
_j18.127.3.217
942 _cBOOK
980 _aNB
980 3 _akpcivil2021
980 3 _akp2021
980 3 _akp
981 2 2 _a(22) Материалы по истории России
_b(22) Религиозные конфессии
981 2 0 _a(20) Книжные памятники РНБ
_b(20) Русский книжный фонд